000 00296nam a2200121Ia 4500
008 220204s9999 xx 000 0 und d
082 _a581.46
_bMOR
100 _aMorley, Brian D
245 0 _aWild flowers of the world
260 _aLondon
_bOctopus
_c1974
650 _aWild flowers
942 _cBK
999 _c25177
_d25177